Alambrado eléctrico /

Guardado en:
Autor Principal: Suárez Orozco, Alejandro D.
Formato: Libro
Idioma:Spanish
Publicado: Coronel Suárez : Campo Experimental de Coronel Suárez, 1986.
Etiquetas: Agregar Etiqueta
Sin Etiquetas, Sea el primero en etiquetar este registro!
LEADER 00458nam a22001335a 4500
001 EEA.libagro003714
005 20190517130345.0
008 130809s1986####ag#a##########000#0#spa#d
082 0 4 |a 631.27 
100 1 |a Suárez Orozco, Alejandro D. 
245 1 0 |a Alambrado eléctrico /  |c Alejandro Suárez Orozco. 
260 |a Coronel Suárez :  |b Campo Experimental de Coronel Suárez,  |c 1986. 
300 |a 47 p. :  |b il. ;  |c 25 cm. 
859 |a AR-BbBCA  |b BIB. AGRONOMIA  |h 631.27  |i S939  |p 1988/0951